<?xml version="1.0" encoding="UTF-8"?><?xml-stylesheet type="text/xsl" href="static/style.xsl"?><OAI-PMH xmlns="http://www.openarchives.org/OAI/2.0/" xmlns:xsi="http://www.w3.org/2001/XMLSchema-instance" xsi:schemaLocation="http://www.openarchives.org/OAI/2.0/ http://www.openarchives.org/OAI/2.0/OAI-PMH.xsd"><responseDate>2026-04-27T03:43:14Z</responseDate><request verb="GetRecord" identifier="oai:repisalud.isciii.es:20.500.12105/8490" metadataPrefix="marc">https://repisalud.isciii.es/rest/oai/request</request><GetRecord><record><header><identifier>oai:repisalud.isciii.es:20.500.12105/8490</identifier><datestamp>2024-09-28T01:34:49Z</datestamp><setSpec>com_20.500.12105_2052</setSpec><setSpec>com_20.500.12105_2051</setSpec><setSpec>col_20.500.12105_19613</setSpec></header><metadata><record xmlns="http://www.loc.gov/MARC21/slim" xmlns:dcterms="http://purl.org/dc/terms/" xmlns:doc="http://www.lyncode.com/xoai" xmlns:xsi="http://www.w3.org/2001/XMLSchema-instance" xsi:schemaLocation="http://www.loc.gov/MARC21/slim http://www.loc.gov/standards/marcxml/schema/MARC21slim.xsd">
   <leader>00925njm 22002777a 4500</leader>
   <datafield ind2=" " ind1=" " tag="042">
      <subfield code="a">dc</subfield>
   </datafield>
   <datafield ind2=" " ind1=" " tag="720">
      <subfield code="a">Giesen, Christine</subfield>
      <subfield code="e">author</subfield>
   </datafield>
   <datafield ind2=" " ind1=" " tag="260">
      <subfield code="c">2019</subfield>
   </datafield>
   <datafield ind2=" " ind1=" " tag="520">
      <subfield code="a">Introducción: El impacto del cambio climático sobre las enfermedades transmitidas&#xd;
por mosquitos (EITM) despierta controversia, incertidumbre y debate, a pesar de&#xd;
existir evidencia de la exacerbación de determinadas patologías como malaria en&#xd;
zonas previamente libres de las mismas en las últimas décadas debido a cambios en&#xd;
variables ambientales de las zonas afectas.&#xd;
Objetivo: El objetivo principal de este trabajo es evaluar la relación entre el cambio&#xd;
climático y la presencia de enfermedades transmitidas por mosquitos en África a&#xd;
través de una revisión sistemática de la literatura.&#xd;
Materiales y métodos: Se realizó una revisión sistemática por pares, considerando&#xd;
todos los artículos indexados en las bases de datos PubMed, Scopus, Embase y&#xd;
CENTRAL. La zona de estudio fue África. Las enfermedades incluidas fueron&#xd;
malaria, dengue, chikungunya, zika, fiebre amarilla, filariasis linfática, fiebre del valle&#xd;
del Rift e infección por el virus del Nilo occidental; y, por tanto, los siguientes&#xd;
vectores: Aedes, Anopheles, Coquillettidia, Culex, Ochlerotatus y Haemagogus. Se&#xd;
incluyó en la búsqueda términos estándar para cambio climático y/o factores&#xd;
ambientales relacionados con el mismo.&#xd;
Resultados: Se incluyeron un total de veintinueve estudios, la mayoría sobre&#xd;
malaria (61%). El vector más tratado fue Anopheles spp. (61%), principalmente en el&#xd;
este de África (48%). El 72% de los estudios analizados considera que existe una&#xd;
afectación por el cambio climático, frente a un 21% que no halla dicha relación. La&#xd;
prevalencia de las enfermedades aumentará según el 69% de los estudios y&#xd;
disminuirá según el 17%, el resto de estudios arrojan resultados dudosos. En un&#xd;
52% de los estudios se muestra un incremento de la expansión de alguna de las&#xd;
EITM analizadas, frente a un 41% que no indican que vaya a existir expansión.&#xd;
Conclusiones: En nuestra revisión, la mayoría de los estudios mostraron una&#xd;
relación negativa entre los resultados observados o predichos y el cambio climático.&#xd;
En la mitad de los estudios se vio que el cambio climático afectaría la expansión de&#xd;
las EITM. Hoy en día, la mayor parte de la comunidad científica y organismos&#xd;
internacionales está de acuerdo en que el cambio climático impacta en la salud de la&#xd;
población. Por todo ello, creemos que no puede esperarse a que la ciencia apruebe&#xd;
algo sobre lo que se necesita intervenir ahora para evitar efectos mayores en el&#xd;
futuro.</subfield>
   </datafield>
   <datafield ind1="8" ind2=" " tag="024">
      <subfield code="a">http://hdl.handle.net/20.500.12105/8490</subfield>
   </datafield>
   <datafield tag="653" ind2=" " ind1=" ">
      <subfield code="a">Cambio climático</subfield>
   </datafield>
   <datafield tag="653" ind2=" " ind1=" ">
      <subfield code="a">Enfermedades transmitidas por mosquitos</subfield>
   </datafield>
   <datafield tag="653" ind2=" " ind1=" ">
      <subfield code="a">Malaria</subfield>
   </datafield>
   <datafield tag="653" ind2=" " ind1=" ">
      <subfield code="a">Dengue</subfield>
   </datafield>
   <datafield tag="653" ind2=" " ind1=" ">
      <subfield code="a">África</subfield>
   </datafield>
   <datafield ind2="0" ind1="0" tag="245">
      <subfield code="a">El impacto del cambio climático sobre las enfermedades transmitidas por mosquitos en África</subfield>
   </datafield>
</record></metadata></record></GetRecord></OAI-PMH>